M quinas el‚ctricas 1 Corriente alterna / Robert Arnold, Wilhelm Stehr (Registro nro. 22302)
[ vista simple ]
| 000 -LÍDER | |
|---|---|
| fixed length control field | 00468nam a2200145 4500 |
| 008 - ELEMENTOS DE LONGITUD FIJA -- INFORMACIÓN GENERAL | |
| fixed length control field | 0 1980 0a 000 0Mex |
| 020 ## - NÚMERO INTERNACIONAL NORMALIZADO PARA LIBROS | |
| ISBN | 968-24-0763-X |
| 082 ## - NUMERO DE CLASIFICACION DECIMAL DEWEY | |
| Número de Clasificación | 621.313.3 A779m |
| 100 ## - ASIENTO PRINCIPAL--NOMBRE PERSONAL | |
| Nombre personal | Arnold, Robert |
| 245 ## - TÍTULO | |
| Título | M quinas el‚ctricas 1 Corriente alterna / Robert Arnold, Wilhelm Stehr |
| 260 ## - PUBLICACIÓN, DISTRIBUCIÓN, ETC. (PIE DE IMPRENTA) | |
| Lugar de publicación, distribución, etc. | México : Trillas |
| 300 ## - DESCRIPCIÓN FÍSICA | |
| Extensión | 142 p. / 24 cm. |
| 650 ## - ASIENTO SECUNDARIO DE MATERIA - TERMINO TEMÁTICO | |
| Término temático o nombre geográfico como elemento de entrada | 1. MAQUINAS ELECTRICAS \ 2. CORRIENTE ALTERNA |
| 700 ## - ASIENTO SECUNDARIO - NOMBRE PERSONAL | |
| Nombre personal | I. Stehr, Wilhelm, coaut. |
| No. biblioteca | No. biblioteca | Número de clasificación | Código de barras/Número de adquisición | Número de copia | Tipo de material |
|---|---|---|---|---|---|
| LUIS G. INCLAN | LUIS G. INCLAN | 621.313.3 A779m | 5374 | 3 | Libros |
| LUIS G. INCLAN | LUIS G. INCLAN | 621.313.3 A779m | 5372 | 1 | Libros |
